000 00523nam a2200181Ia 4500
008 090124s9999 xx 000 0 und d
082 _b24718
_a3120
100 _aवर्टीकर मनोहर
245 _a नाट्यचिंतन
250 _a1
260 _c1985
300 _a99
600 _aवर्टीकर मनोहर
630 _a नाट्यचिंतन
700 _aवर्टीकर मनोहर
730 _a नाट्यचिंतन
942 _cBOOK
999 _c138266
_d138266